| 000 | 00737nam a22002177a 4500 | ||
|---|---|---|---|
| 999 |
_c16386 _d16386 |
||
| 003 | AR-CdUCM | ||
| 008 | 190503b ||||| |||| 00| 0 spa d | ||
| 040 |
_aMUNICIPALIDAD PROVINCIAL DEL CUSCO _cBIBLIOTECA MUNICIPAL DEL CUSCO |
||
| 082 |
_a868.6 / _bT72 |
||
| 100 |
_aTorre, Guillermo de _99574 |
||
| 245 | _aLa aventura y el orden / | ||
| 260 |
_aBuenos Aires : _bLosada, _c1948. |
||
| 300 |
_a190 páginas ; _c19 cm. |
||
| 440 |
_aBiblioteca Contemporánea. _n208 _935807 |
||
| 505 | _aContenido: La aventura y el orden -- Los poetas y su mundo --Silva de varia lección. | ||
| 650 |
_aEnsayos españoles _9576 |
||
| 650 |
_aLiteratura moderna _99575 |
||
| 650 |
_aSiglo XX _98 |
||
| 942 |
_2ddc _cLIBROS |
||
| 945 |
_aachl _d2019-05-03 |
||